Характеристика членов конференции Академии президента П.А. Дубовицкого, профессоров П.Д. Типулинского, Ф.Ф. Брандта, А.Я. Красов...

Доступно только в Электронных читальных залах Найти на картеНа карте
RUSMARC
00003520nmc2a2200000 x 450
001d869b008-93bb-42ea-bd51-42847c20ec3f
00520151218194629.0
100##$a20150914l18701880k l0rusy0189 ca
1010#$arus
102##$aRU
2001#$aХарактеристика членов конференции Академии президента П.А. Дубовицкого, профессоров П.Д. Типулинского, Ф.Ф. Брандта, А.Я. Красовского и других
$j[1870-1880 гг.]
251##$cДело
300##$aАвтор не установлен
801#0$aRU
$bРГИА
$c20150914
$gRCR
801#1$aRU
$bГлавНИВЦ
$c20150914
$2rusmarc
801#2$aRU
$bПБ им. Б.Н. Ельцина
$c20151218
$gRCR
$2rusmarc
850##$aРГИА
852##$aРГИА
$eФедеральное казенное учреждение "Российский государственный исторический архив" (РГИА)
$j1418
937##$hРГИА
$d12148396
$aASBIBLIO_SCAN
462#0$1001822e29f6-cf5c-4253-b938-c1de610979e5
$12001
$aАрхив князей Васильчиковых. 1706-1917 гг.
$1251
$cОпись
$1852
$j1
461#0$1001f72a1ecb-9a9a-44e3-87ff-4a647e6521fe
$12001
$aВасильчиковы, князья
$1251
$cФонд
$1852
$j651
215##$a2 л.
$d36,5х26 см
371##$aДокумент не является опубликованным и широко распространяемым
105##$ay###
1220#$ad
035##$ad869b008-93bb-42ea-bd51-42847c20ec3f
Формат отображения